|
|
|
|
| LEADER |
00000nam0a2200000 4500 |
| 001 |
87816 |
| 005 |
20231101213550.0 |
| 010 |
|
|
|a 5229012552
|
| 035 |
|
|
|a (RuTPU)RU\TPU\book\94276
|
| 090 |
|
|
|a 87816
|
| 100 |
|
|
|a 20051216d2000 km y0rusy50 ca
|
| 101 |
0 |
|
|a rus
|
| 102 |
|
|
|a RU
|
| 105 |
|
|
|a a z 001zy
|
| 200 |
1 |
|
|a Технологии промышленного менеджмента
|f Г. В. Белов, В. М. Быцкевич
|
| 210 |
|
|
|a Москва
|c Металлургия
|d 2000
|
| 215 |
|
|
|a 288 с.
|c ил.
|
| 320 |
|
|
|a Библиография в конце книги.
|
| 330 |
|
|
|a Изложены вопросы технологий промышленного менеджмента при осуществлении рыночной хозяйственной деятельности предприятий. Под технологиями промышленного менеджмента понимается совокупность средств и методов, обеспечивающих устойчивое развитие предприятий всех форм собственности в условиях рыночных отношений. В качестве обобщенной модели рассматривается предприятие оборонной промышленности. Основное внимание уделено вопросам обеспечения конкурентоспособности и качества продукции как стратегического направления реформирования и развития промышленного комплекса России. Предназначена для руководителей и специалистов предприятий всех организационно-правовых форм и форм собственности и государственных органов управления, а также для преподавателей, аспирантов и студентов высших учебных заведений.
|
| 606 |
1 |
|
|a Промышленные предприятия
|x Технологические процессы
|2 stltpush
|3 (RuTPU)RU\TPU\subj\73585
|9 86509
|
| 606 |
1 |
|
|a Предприятия
|x Экономика
|x Управление
|x Клиентоориентированность
|2 stltpush
|3 (RuTPU)RU\TPU\subj\72677
|9 86086
|
| 610 |
1 |
|
|a экономика
|
| 610 |
1 |
|
|a промышленность
|
| 610 |
1 |
|
|a промышленные предприятия
|
| 610 |
1 |
|
|a управление
|
| 610 |
1 |
|
|a менеджмент
|
| 610 |
1 |
|
|a промышленный менеджмент
|
| 610 |
1 |
|
|a технологии
|
| 610 |
1 |
|
|a военное производство
|
| 610 |
1 |
|
|a конверсия
|
| 610 |
1 |
|
|a продукция
|
| 610 |
1 |
|
|a сертификация
|
| 610 |
1 |
|
|a метрологическое обеспечение
|
| 610 |
1 |
|
|a контроль
|
| 610 |
1 |
|
|a хозяйственная деятельность
|
| 610 |
1 |
|
|a экологическая безопасность
|
| 675 |
|
|
|a 658.511
|v 3
|
| 686 |
|
|
|a У9(2)29-2
|v LBC/SL-A
|2 rubbk
|
| 700 |
|
1 |
|a Белов
|b Г. В.
|g Геннадий Васильевич
|
| 701 |
|
1 |
|a Быцкевич
|b В. М.
|g Виктор Михайлович
|
| 801 |
|
1 |
|a RU
|b 63413507
|c 20051216
|g PSBO
|
| 801 |
|
2 |
|a RU
|b 63413507
|c 20141114
|g PSBO
|
| 900 |
|
|
|a Технологический менеджмент автоматизированных производств
|
| 942 |
|
|
|c BK
|
| 959 |
|
|
|a 108/20051216
|d 2
|e 0
|f НФ:2
|